[Event "Queensland-ch"]
[Site "Brisbane"]
[Date "2019.10.07"]
[Round "8"]
[White "Davis, Tony J"]
[Black "Jule, Alexandra"]
[Result "0-1"]
[WhiteElo "1840"]
[BlackElo "1993"]
[PlyCount "102"]
[EventDate "2019.10.03"]
[EventType "swiss"]
[EventRounds "9"]
[EventCountry "AUS"]
[SourceTitle "EXT 2021"]
[Source "ChessBase"]
[SourceDate "2020.10.23"]
[SourceVersion "1"]
[SourceVersionDate "2020.10.23"]
[SourceQuality "1"]

1. d4 e6 2. e4 d5 3. Nd2 Nf6 4. e5 Nfd7 5. Bd3 c5 6. c3 Nc6 7. Ngf3 cxd4 8. cxd4 f6 9. exf6 Nxf6 10. 0-0 Bd6 11. a3 0-0 12. Re1 Qc7 13. b4 e5 14. dxe5 Nxe5 15. Bb1 Bg4 16. Bb2 Nxf3+ 17. Nxf3 Bxh2+ 18. Kh1 Rad8 19. Qd3 Ne4 20. Rxe4 dxe4 21. Qb3+ Kh8 22. Bxe4 Bxf3 23. gxf3 Be5 24. Kg2 Bxb2 25. Rh1 h6 26. Qxb2 Qf4 27. Rh3 Rf6 28. Qc3 Re6 29. Bxb7 Rg6+ 30. Rg3 Rxg3+ 31. fxg3 Qd2+ 32. Qxd2 Rxd2+ 33. Kh3 Rd3 34. a4 Rd4 35. a5 Rxb4 36. a6 g5 37. g4 Kg7 38. Kg2 Rb2+ 39. Kg3 Kf6 40. Be4 Ke5 41. Bb7 Ra2 42. Bc8 Ra3 43. Bb7 Kd4 44. Bc8 Ke3 45. Bb7 Ra4 46. Bc8 Rf4 47. Bb7 Rf6 48. Kg2 Kf4 49. Kf2 Re6 50. Bc8 Rc6 51. Bb7 Rc2+ 0-1

[Event "Queensland-ch"]
[Site "Brisbane"]
[Date "2019.10.04"]
[Round "3"]
[White "Jule, Alexandra"]
[Black "Nakauchi, Gene"]
[Result "1/2-1/2"]
[WhiteElo "1993"]
[BlackElo "2175"]
[PlyCount "121"]
[EventDate "2019.10.03"]
[EventType "swiss"]
[EventRounds "9"]
[EventCountry "AUS"]
[SourceTitle "EXT 2021"]
[Source "ChessBase"]
[SourceDate "2020.10.23"]
[SourceVersion "1"]
[SourceVersionDate "2020.10.23"]
[SourceQuality "1"]

1. d4 Nf6 2. Nf3 c5 3. e3 e6 4. Be2 Nc6 5. 0-0 d5 6. b3 cxd4 7. exd4 Ne4 8. Bb2 Bd6 9. Nbd2 0-0 10. c4 f5 11. cxd5 exd5 12. Ne5 Be6 13. f4 Bxe5 14. fxe5 Qg5 15. Nf3 Qe3+ 16. Kh1 Nf2+ 17. Rxf2 Qxf2 18. Ba3 Rfe8 19. Qd3 f4 20. Rd1 Rac8 21. Ng5 Qh4 22. Nxe6 Rxe6 23. Bf3 Kh8 24. Bxd5 Rh6 25. h3 Rd8 26. Bxc6 bxc6 27. Rf1 Qg3 28. Qxg3 fxg3 29. Bc5 a6 30. Rf3 Rg6 31. Kg1 h6 32. Kf1 Re8 33. Ke2 Rf6 34. Rxg3 Kh7 35. Re3 Rg6 36. g3 Kg8 37. Rf3 Rf6 38. Re3 Rf5 39. Kd3 Kf7 40. Kc4 Ke6 41. a4 Rb8 42. g4 Rf2 43. Rc3 Rb7 44. Bd6 Rbf7 45. Kc5 R7f3 46. Rxf3 Rxf3 47. Kxc6 Rc3+ 48. Bc5 Rxb3 49. Bf8 Rc3+ 50. Kb6 Rxh3 51. Kxa6 Rd3 52. Bc5 Rb3 53. Bb6 g6 54. a5 h5 55. gxh5 gxh5 56. Kb7 h4 57. a6 h3 58. a7 Ra3 59. d5+ Kxd5 60. Bg1 Kxe5 61. a8Q 1/2-1/2

[Event "NZL-ch op 126th"]
[Site "Auckland"]
[Date "2019.01.20"]
[Round "7"]
[White "Renjith, Sravan"]
[Black "Jule, Alexandra"]
[Result "1-0"]
[WhiteElo "1901"]
[BlackElo "2003"]
[PlyCount "55"]
[EventDate "2019.01.14"]
[EventType "swiss"]
[EventRounds "9"]
[EventCountry "NZL"]
[SourceTitle "CBM 188 Extra"]
[Source "ChessBase"]
[SourceDate "2019.02.26"]
[SourceVersion "1"]
[SourceVersionDate "2019.02.26"]
[SourceQuality "1"]

1. Nf3 c5 2. c4 Nc6 3. Nc3 g6 4. g3 Bg7 5. Bg2 d6 6. b3 e5 7. e4 Nge7 8. 0-0 0-0 9. Bb2 f5 10. d3 h6 11. exf5 Nxf5 12. Nd2 Be6 13. Nde4 Qd7 14. Ne2 Rac8 15. Qd2 b6 16. f4 d5 17. cxd5 Bxd5 18. fxe5 Nxe5 19. Nf4 Bf7 20. Bh3 Rcd8 21. Nh5 Qxd3 22. Qxd3 Nxd3 23. Bxg7 Nxg7 24. Nhf6+ Kh8 25. Nd7 Nf5 26. Nxf8 Rxf8 27. Bxf5 gxf5 28. Rxf5 1-0

[Event "NZL-ch op 126th"]
[Site "Auckland"]
[Date "2019.01.15"]
[Round "2"]
[White "Jule, Alexandra"]
[Black "Sandler, Leonid"]
[Result "0-1"]
[WhiteElo "2003"]
[BlackElo "2216"]
[PlyCount "52"]
[EventDate "2019.01.14"]
[EventType "swiss"]
[EventRounds "9"]
[EventCountry "NZL"]
[SourceTitle "CBM 188 Extra"]
[Source "ChessBase"]
[SourceDate "2019.02.26"]
[SourceVersion "1"]
[SourceVersionDate "2019.02.26"]
[SourceQuality "1"]

1. d4 e6 2. c4 d5 3. Nf3 Nf6 4. Bg5 Be7 5. e3 0-0 6. Nc3 h6 7. Bf4 c5 8. Be2 Nc6 9. h3 a6 10. dxc5 Bxc5 11. cxd5 exd5 12. 0-0 Be6 13. Rc1 Ba7 14. Na4 Ne4 15. Bxa6 Bxe3 16. Bxb7 Bxf4 17. Rxc6 Ra7 18. Rxe6 fxe6 19. Nd4 Rxb7 20. Nxe6 Qd6 21. Nxf8 Kxf8 22. Qg4 Rc7 23. g3 Be5 24. Rd1 Qf6 25. f3 Bd4+ 26. Kf1 Qa6+ 0-1

[Event "George Trundle Qualifiers"]
[Site "Auckland"]
[Date "2019.01.09"]
[Round "7"]
[White "Goh, Zi Han"]
[Black "Jule, Alexandra"]
[Result "0-1"]
[WhiteElo "1908"]
[BlackElo "2003"]
[PlyCount "82"]
[EventDate "2019.01.04"]
[EventType "tourn"]
[EventRounds "9"]
[EventCountry "NZL"]
[SourceTitle "CBM 189 Extra"]
[Source "ChessBase"]
[SourceDate "2019.06.03"]
[SourceVersion "1"]
[SourceVersionDate "2019.06.03"]
[SourceQuality "1"]

1. d4 Nf6 2. c4 e6 3. Nc3 d5 4. cxd5 exd5 5. Bg5 c6 6. e3 Bf5 7. Qf3 Bg6 8. Bxf6 gxf6 9. h4 Qb6 10. 0-0-0 h5 11. Qxf6 Rg8 12. Qf3 Bb4 13. Nge2 Nd7 14. g3 a5 15. Bh3 0-0-0 16. Bf5 Qa6 17. Kb1 a4 18. a3 Bd6 19. Bxg6 fxg6 20. Nf4 Nb6 21. Qe2 Nc4 22. Ka2 b5 23. Qc2 Rd7 24. Nxg6 b4 25. axb4 Bxb4 26. Nf4 Rb7 27. Qxa4 Ba5 28. b3 Rb4 29. Qxb4 Bxb4+ 30. Na4 Rg7 31. Nd3 Qb5 32. Ndc5 Nb6 33. Nxb6+ Qxb6 34. Na4 Qb5 35. Rhf1 Qe2+ 36. Kb1 Ra7 37. Rc1 Rxa4 38. bxa4 Ba3 39. Rxc6+ Kd7 40. Rc2 Qxf1+ 41. Ka2 Bd6 0-1

[Event "George Trundle Qualifiers"]
[Site "Auckland"]
[Date "2019.01.04"]
[Round "2"]
[White "Jule, Alexandra"]
[Black "Huang, Alex"]
[Result "0-1"]
[WhiteElo "2003"]
[BlackElo "1971"]
[PlyCount "70"]
[EventDate "2019.01.04"]
[EventType "tourn"]
[EventRounds "9"]
[EventCountry "NZL"]
[SourceTitle "CBM 189 Extra"]
[Source "ChessBase"]
[SourceDate "2019.06.03"]
[SourceVersion "1"]
[SourceVersionDate "2019.06.03"]
[SourceQuality "1"]

1. d4 Nf6 2. Nf3 g6 3. g3 d5 4. Bg2 Bg7 5. 0-0 0-0 6. Nbd2 c6 7. c4 a5 8. Ne5 Nbd7 9. Ndf3 a4 10. h3 Re8 11. a3 Nxe5 12. Nxe5 Be6 13. c5 Nd7 14. Nf3 b6 15. cxb6 Qxb6 16. e3 h6 17. b4 axb3 18. Rb1 Reb8 19. Nd2 Bf5 20. Rxb3 Qa6 21. Re1 Bd3 22. f4 e6 23. Kh2 Rxb3 24. Nxb3 Rb8 25. Nd2 Bf8 26. e4 Bxa3 27. Re3 Bb4 28. g4 Bxd2 29. Qxd2 Bxe4 30. Bxe4 dxe4 31. Rxe4 Qc4 32. f5 Qd5 33. Qe2 Rb1 34. fxe6 fxe6 35. Qc2 Rxc1 0-1

[Event "Olympiad Women-42"]
[Site "Baku"]
[Date "2016.09.06"]
[Round "5.4"]
[White "Jule, Alexandra"]
[Black "Castrillon Gomez, Melissa"]
[Result "0-1"]
[WhiteElo "2000"]
[BlackElo "2194"]
[PlyCount "56"]
[EventDate "2016.09.02"]
[EventType "team-swiss"]
[EventRounds "11"]
[EventCountry "AZE"]
[SourceTitle "CBM 174 Extra"]
[Source "ChessBase"]
[SourceDate "2016.10.10"]
[SourceVersion "1"]
[SourceVersionDate "2016.10.10"]
[SourceQuality "1"]
[WhiteTeam "Australia (W)"]
[BlackTeam "Colombia (W)"]
[WhiteTeamCountry "AUS"]
[BlackTeamCountry "COL"]

1. d4 Nf6 2. Nf3 g6 3. g3 Bg7 4. Bg2 0-0 5. 0-0 d6 6. c4 Nc6 7. Nc3 a6 8. d5 Na5 9. b3 c5 10. Bb2 Rb8 11. a4 Bd7 12. Rb1 b5 13. axb5 axb5 14. Nd2 bxc4 15. bxc4 Ng4 16. Qc2 Ne5 17. Nd1 Rb4 18. Bc3 Rxb1 19. Bxa5 Qxa5 20. Nxb1 Rb8 21. Ne3 Rb2 22. Qc1 Rxe2 23. Qd1 Rb2 24. Be4 Ba4 25. Qe1 Qxe1 26. Rxe1 f5 27. Bg2 Nd3 28. Rf1 Nxf2 0-1

[Event "Doeberl Cup 54th"]
[Site "Canberra"]
[Date "2016.03.25"]
[Round "3"]
[White "Jule, Alexandra"]
[Black "Stojic, Dusan"]
[Result "1/2-1/2"]
[WhiteElo "1995"]
[BlackElo "2180"]
[PlyCount "24"]
[EventDate "2016.03.24"]
[EventType "swiss"]
[EventRounds "9"]
[EventCountry "AUS"]
[SourceTitle "EXT 2018"]
[Source "ChessBase"]
[SourceDate "2017.10.13"]
[SourceVersion "1"]
[SourceVersionDate "2017.10.13"]
[SourceQuality "1"]

1. Nf3 Nf6 2. g3 d5 3. Bg2 c6 4. c4 Bf5 5. d4 e6 6. 0-0 Be7 7. Qb3 Qb6 8. c5 Qxb3 9. axb3 Nbd7 10. b4 0-0 11. Nh4 Bg4 12. Nc3 a6 1/2-1/2

[Event "NZL-ch op 122nd"]
[Site "Auckland"]
[Date "2015.01.01"]
[Round "1"]
[White "McRae, John"]
[Black "Jule, Alexandra"]
[Result "0-1"]
[WhiteElo "1133"]
[BlackElo "1939"]
[PlyCount "100"]
[EventDate "2015.01.01"]
[EventType "swiss"]
[EventRounds "9"]
[EventCountry "NZL"]
[SourceTitle "CBM 164 Extra"]
[Source "ChessBase"]
[SourceDate "2015.03.02"]
[SourceVersion "1"]
[SourceVersionDate "2015.03.02"]
[SourceQuality "1"]

1. d4 d5 2. e3 Nf6 3. Nc3 c5 4. dxc5 e6 5. Bd3 Nc6 6. Nge2 Bxc5 7. 0-0 0-0 8. Bd2 a6 9. a3 Qe7 10. Nf4 Rd8 11. Rc1 e5 12. Nh5 Nxh5 13. Qxh5 g6 14. Qd1 e4 15. Be2 Ne5 16. b4 Ba7 17. Nb1 Bb8 18. g3 Bh3 19. Re1 Qd7 20. Bc3 Re8 21. Qd4 Bg4 22. Nd2 Bxe2 23. Rxe2 Qf5 24. f4 exf3 25. Rf2 Ba7 26. Qf4 Qxf4 27. gxf4 Ng4 28. Rxf3 Nxe3 29. Kh1 Rac8 30. Be5 Re6 31. Nb3 Nc4 32. Nc5 Bxc5 33. bxc5 Nxe5 34. fxe5 Rxc5 35. Rcf1 Rc7 36. c3 Rxe5 37. Kg1 Re4 38. Kf2 Rec4 39. Ke3 Rxc3+ 40. Kd4 Rxf3 41. Rxf3 Rd7 42. Rf6 Kg7 43. Rb6 g5 44. h3 h5 45. a4 f6 46. Re6 Kg6 47. Re8 Kf5 48. Rh8 h4 49. Rf8 Rc7 50. Kxd5 Rc3 0-1

[Event "Australian Masters (Women)"]
[Site "Melbourne"]
[Date "2014.01.27"]
[Round "10"]
[White "Jule, Alexandra"]
[Black "Sukandar, Irine Kharisma"]
[Result "0-1"]
[WhiteElo "1937"]
[BlackElo "2369"]
[PlyCount "40"]
[EventDate "2014.01.20"]
[EventType "tourn"]
[EventRounds "11"]
[EventCountry "AUS"]
[SourceTitle "EXT 2015"]
[Source "ChessBase"]
[SourceDate "2014.11.20"]
[SourceVersion "1"]
[SourceVersionDate "2014.11.20"]
[SourceQuality "1"]

1. d4 Nf6 2. Nf3 d5 3. Bf4 c5 4. c3 Nc6 5. e3 Qb6 6. Qb3 c4 7. Qc2 Bf5 8. Qc1 e6 9. Nh4 Bg4 10. h3 Bh5 11. g4 Bg6 12. Nxg6 hxg6 13. Nd2 Nxg4 14. Bg2 Nf6 15. e4 Be7 16. Be5 Nxe5 17. dxe5 Nxe4 18. Bxe4 dxe4 19. Qc2 e3 20. Nxc4 Qc6 0-1

[Event "Australian Masters (Women)"]
[Site "Melbourne"]
[Date "2014.01.26"]
[Round "8"]
[White "Jule, Alexandra"]
[Black "Richards, Heather"]
[Result "1/2-1/2"]
[WhiteElo "1937"]
[BlackElo "2150"]
[PlyCount "81"]
[EventDate "2014.01.20"]
[EventType "tourn"]
[EventRounds "11"]
[EventCountry "AUS"]
[SourceTitle "EXT 2015"]
[Source "ChessBase"]
[SourceDate "2014.11.20"]
[SourceVersion "1"]
[SourceVersionDate "2014.11.20"]
[SourceQuality "1"]

1. d4 e6 2. c4 Bb4+ 3. Bd2 a5 4. a3 Bxd2+ 5. Nxd2 d6 6. Ngf3 Nc6 7. e3 e5 8. Be2 f5 9. d5 Nb8 10. 0-0 a4 11. Qc2 Nf6 12. Rfd1 b6 13. b4 axb3 14. Nxb3 0-0 15. a4 Ne4 16. a5 bxa5 17. Nxa5 Qe8 18. Nb3 Rxa1 19. Rxa1 Na6 20. Nfd2 Qg6 21. f4 h5 22. Rf1 Nac5 23. Nxc5 Nxc5 24. Nb3 Ne4 25. Nd2 Nf6 26. Qc3 Re8 27. Bd1 h4 28. fxe5 Rxe5 29. Nf3 h3 30. g3 Re4 31. Bc2 Rg4 32. Kf2 Re4 33. Ke2 Re8 34. Nd4 Qh5+ 35. Kd2 g6 36. Nxf5 Bxf5 37. Bxf5 Qxf5 38. Qxf6 Qxf6 39. Rxf6 Ra8 40. Rxg6+ Kh7 41. Re6 1/2-1/2

[Event "Australian Masters (Women)"]
[Site "Melbourne"]
[Date "2014.01.20"]
[Round "1"]
[White "Jule, Alexandra"]
[Black "Stangl, Anita"]
[Result "0-1"]
[WhiteElo "1937"]
[BlackElo "2138"]
[PlyCount "60"]
[EventDate "2014.01.20"]
[EventType "tourn"]
[EventRounds "11"]
[EventCountry "AUS"]
[SourceTitle "EXT 2015"]
[Source "ChessBase"]
[SourceDate "2014.11.20"]
[SourceVersion "1"]
[SourceVersionDate "2014.11.20"]
[SourceQuality "1"]

1. d4 e6 2. c4 d5 3. Nc3 c6 4. e4 dxe4 5. Nxe4 Bb4+ 6. Bd2 Qxd4 7. Bxb4 Qxe4+ 8. Be2 Qxg2 9. Qd6 Nd7 10. Bf3 Qg5 11. Ne2 Qe7 12. Qd2 Qf6 13. Bg2 Ne7 14. 0-0-0 0-0 15. Rdg1 Re8 16. Bc3 e5 17. Bh3 Nb6 18. Bxc8 Raxc8 19. f4 Ng6 20. fxe5 Qh4 21. e6 Rxe6 22. Nd4 Rf6 23. Qc2 Nxc4 24. Kb1 Nd6 25. Re1 c5 26. Nb3 Rf2 27. Qd1 Qf4 28. Qd5 Qf5+ 29. Qxf5 Rxf5 30. h4 h5 0-1